| 000 | 01726nam a2200361 c 4500 | ||
|---|---|---|---|
| 999 |
_c181169 _d181169 |
||
| 003 | BLK | ||
| 005 | 20181210111636.0 | ||
| 008 | 180411b bul|||||r ||||||| ||bul|| | ||
| 010 | _aKNG00190062000 | ||
| 020 | _a9789542902379 | ||
| 040 | _aBLK | ||
| 041 |
_aBUL _cBUL |
||
| 072 | 7 |
_2bullib _aН84 _xБългарска художествена литература Н |
|
| 080 |
_aБългарска литература _b821.163.2 _x-322.6 _z821.163.2-322.6 |
||
| 100 | 1 |
_aИзворски, Георги _eпърви автор _gСтанков, Георги Крумов _9331856 |
|
| 139 |
_aСтанков, Георги Крумов _bС 69 |
||
| 245 | 1 | 0 |
_aАз... и Пикасо _bНаръчник на твореца _cГеорги Изворски; * Георги Крумов Станков. |
| 250 | _aНово доп. изд. | ||
| 257 | _aBGR | ||
| 260 |
_bДилок _c2015 |
||
| 300 |
_a215 с. _bсъс сн. _c20 см |
||
| 380 | _aX | ||
| 500 | _a1. изд. 1995 на изд. Клуб Авиатор с подзагл. Голата истина за последните години от живота на знаменития Димитър Казаков - Нерон. - Георги Изворски - псевд. на Георги Крумов Станков. | ||
| 600 | 1 | 4 |
_aКазаков - Нерон, Димитър Георгиев _9285271 |
| 653 | _aповести | ||
| 659 | _aН | ||
| 700 | 1 |
_aСтанков, Георги Крумов _e* _9380800 |
|
| 852 | _aЦб 292264 | ||
| 856 | 4 | _qpdf | |
| 856 | 4 | _qpdf | |
| 942 |
_cKNG _n0 |
||
| 944 |
_aCR _c24.08.2016 _lф / _kВиолета_Тройчева |
||
| 944 |
_aED _c02.08.2017 _lф / _kВиолета_Тройчева |
||
| 999 | _d181169 | ||